000 00461nam a2200169Ia 4500
008 090711s9999 xx 000 0 und d
082 _b44243
100 _aराजवाडे राजा
245 _aहातकडया
260 _c1981
300 _a152
600 _aराजवाडे राजा
630 _aहातकडया
700 _aराजवाडे राजा
730 _aहातकडया
942 _cBOOK
999 _c296578
_d296578